00748nas a2200217Ia 4500001001100000003000900011008004100020040001300061040001300074041001300087100004400100210003700144222003700181245010100218250001100319260002600330501008600356300001800442362002700460650004300487R111/44662IT-RoPAU151124c99999999xx |||||||||||| ||und|| aIT-RoPAU cIT-RoPAU aITALIANO aJanni FrancisgCodice Aut. SPICS: 30314 aCOMUNICAZIONE DI MASSA (SUGARCO) aComunicazione Di Massa (Sugarco) aCOMUNICAZIONE DI MASSA (SUGARCO), ANNO 01-VOL.3 (1980)bDiverse Italie Dell'Americano Medio (Le) a1a ed. aMILANObSUGARCOc1980 bPaulus - SPICS - Società San Paolo EM (non-commercial uses only)cCopyright2015 a15 p. [69-83] aANNO 001, VOL.3 (1980) aCOMUNICAZIONEvPUBBLICAZIONE PERIODICA